[Event "Quebec op"]
[Site "Montreal"]
[Date "1992.08.08"]
[Round "8"]
[White "Naglowski, Jerzy"]
[Black "Morin, Louis"]
[Result "1-0"]
[WhiteElo "2007"]
[BlackElo "1966"]
[PlyCount "73"]
[EventDate "1992.07.31"]
[EventType "swiss"]
[EventRounds "8"]
[EventCountry "CAN"]
[SourceTitle "EXT 2022"]
[Source "ChessBase"]
[SourceDate "2021.10.06"]
[SourceVersion "1"]
[SourceVersionDate "2021.10.06"]
[SourceQuality "1"]

1. e4 c5 2. Nf3 e6 3. d4 cxd4 4. Nxd4 Nf6 5. Bd3 Nc6 6. Nxc6 bxc6 7. 0-0 d5 8. Qe2 Be7 9. c4 Bb7 10. e5 Nd7 11. f4 Nc5 12. Rf3 Nxd3 13. Qxd3 dxc4 14. Qc2 c5 15. Rg3 g6 16. Qa4+ Qd7 17. Qxc4 Qd4+ 18. Qxd4 cxd4 19. b3 Bc5 20. Ba3 Rc8 21. Bxc5 Rxc5 22. Nd2 Ke7 23. Nc4 Ba6 24. Nd6 f5 25. b4 Rd5 26. Ra3 Be2 27. Rxa7+ Kd8 28. Rc1 Rxd6 29. exd6 Bd3 30. Ra8+ Kd7 31. Rxh8 Be4 32. b5 d3 33. b6 Bc6 34. Rd1 Kxd6 35. Rxh7 Kc5 36. Rxd3 Kxb6 37. Rb3+ 1-0